000 00835cam a22002412 4500
001 0000018850
005 20151217152136.0
008 100809s xx 000 0 eng d
020 _a0070221790 :
040 _aKABU
_cKABU
050 0 _aHD62.4
_b.H55 2009
100 1 _aHill, Charles W.
_@0000150896
245 1 0 _aInternational business :
_bcompeting in the global marketplace /
_ccharles W. L. Hill, Arun Kumar Jain .
250 _a6th ed.
260 _aNew Delhi :
_bTata McGraw-Hilll,
_cc2009.
300 _axxv, 942 p.
650 0 _aInternational business enterprises
_xManagement.
_@0000150891
650 0 _aCompetition, International.
_@0000069945
852 1 _9p2970 KES
852 1 _9p2970 KES
908 _a100809
950 _@1
999 _c8676
_d8676